01043 a2200193 4500003000500000005001700005040000900022082000800031100001600039245005900055260006300114300001300177505045000190538003300640650004600673942001200719999001900731952009900750Nust20170207154102.0 cNust a537 aD.V. Parsad aElectromagnatic fields waves and antennascD.V. Parsad a2-B Nath market , nai sarak DelhibKhanna Publishersc1986 avii, 289 aVector Analysis (Page-1) Electrical Field (Page-13) Magnetic Fields (Page-35) Time Varying Fields and Maxwell’s Equations (Page-50) Plane Wave Propagation (Page-69) Reflection, Refraction of Electromagnetic (Page-100) E.M Waves Between Parallel Planes (Page-135) wave Guides (Page-162) Transmission Lines (Page-179) Radiation (Page-193) Basic of Antennas (Page-215) Antennas For Different Frequencies (Page-238) Wave Propagation (Page-265)  aAlmirah No.17 and Shelf No.2 aElectromagnatic fields waves and antennas 2ddccBK c193605d193605 00102ddc40708NFICaMCSbMCSd2016-12-12l0o537 PRApMCS21914r2016-12-08w2016-12-12yBK